| 000 | 00492nam a22001817a 4500 | ||
|---|---|---|---|
| 003 | CEME | ||
| 005 | 20210628210043.0 | ||
| 008 | 210201b xxu||||| |||| 00| 0 eng d | ||
| 020 | _a0-17-008935-5 | ||
| 040 | _c. | ||
| 082 | _a621.902 GAI | ||
| 100 |
_aGain, John _978008 |
||
| 245 | _aEngineering workshop practices,mechanical stream | ||
| 260 |
_aNELSON _bNEW YORK _c1996 |
||
| 300 | _aIX,481P | ||
| 650 |
_aEINGINEERING WORKSHOP PRACTICES.WORKSHOP PRACTICES _978009 |
||
| 942 |
_cBK _2ddc |
||
| 999 |
_c583169 _d583169 |
||